| Tag |
First Indicator |
Second Indicator |
Subfields |
| LEADER |
00000cgm a2200000za 4500 |
| 001 |
in00003590749 |
| 006 |
m o c |
| 007 |
vz uzazuu |
| 007 |
cr una---unuuu |
| 008 |
150908p20152009cau028 o vlund d |
| 005 |
20260324170725.1 |
| 028 |
5 |
2 |
|a 1133070
|b Kanopy
|
| 035 |
|
|
|a (CaSfKAN)kan1133070
|
| 040 |
|
|
|a VDU
|b eng
|c VDU
|d UtOrBLW
|
| 245 |
0 |
0 |
|a Curiosity Quest Goes Green: Sanitary Landfill.
|
| 264 |
|
1 |
|a [San Francisco, California, USA] :
|b Kanopy Streaming,
|c 2015.
|
| 300 |
|
|
|a 1 online resource (streaming video file)
|
| 306 |
|
|
|a Duration: 28 minutes
|
| 336 |
|
|
|a two-dimensional moving image
|b tdi
|2 rdacontent
|
| 337 |
|
|
|a computer
|b c
|2 rdamedia
|
| 338 |
|
|
|a online resource
|b cr
|2 rdacarrier
|
| 500 |
|
|
|a Title from title frames.
|
| 511 |
0 |
|
|a Features: Joel Greene
|
| 518 |
|
|
|a Originally produced by Green Planet Films in 2009.
|
| 520 |
|
|
|a Did you know that the U.S. is the #1 trash producing country in the world! Join Joel on this Curiosity Quest to learn what happens to all the trash that doesn't get recycled.
|
| 538 |
|
|
|a Mode of access: World Wide Web.
|
| 546 |
|
|
|a In English
|
| 500 |
|
|
|a Electronic resource.
|
| 653 |
|
|
|a K-12
|
| 653 |
|
|
|a TV Series
|
| 655 |
|
7 |
|a Nonfiction films.
|2 lcgft
|0 http://id.loc.gov/authorities/genreForms/gf2011026423
|
| 655 |
|
7 |
|a Internet videos.
|2 lcgft
|0 http://id.loc.gov/authorities/genreForms/gf2011026337
|
| 700 |
1 |
|
|a Cockrell, Melissa,
|e filmmaker.
|
| 700 |
1 |
|
|a Greene, Joel,
|e filmmaker.
|0 http://id.loc.gov/authorities/names/no2013117618
|
| 710 |
2 |
|
|a Kanopy (Firm)
|0 http://id.loc.gov/authorities/names/no2014091415
|
| 856 |
4 |
0 |
|u http://proxy.library.tamu.edu/login?url=https://texasam.kanopystreaming.com/node/133071
|z Connect to this streaming video
|t 0
|
| 999 |
f |
f |
|s 2bd78733-f794-3127-8419-657e6ca46a34
|i 5521af6f-702c-3322-abb3-2ffdd612b272
|t 0
|
| 952 |
f |
f |
|a Texas A&M University
|b College Station
|c Electronic Resources
|s www_evans
|d Available Online
|t 0
|h No information provided
|
| 998 |
f |
f |
|t 0
|l Available Online
|